Multiple-Word Capital City Match Quiz Stats

 Plays Quiz Updated Aug 26, 2017

Score 0/24 Timer 03:00
6 Plays Today
% Correct
Mexico
98.1%
Buenos
97.5%
Abu
96.5%
Panama
96.3%
Vatican
96.2%
Guatemala
94.7%
Kuwait
94.2%
Kuala
93.2%
San
91.9%
Addis
89.7%
San
89.4%
San
89.1%
% Correct
La
87.8%
Phnom
87.7%
Santo
87%
St.
85.4%
St.
82.4%
São
81.5%
Port
79.2%
Andorra
77.5%
Port
75.6%
Sri
74.3%
Bandar
69%
Port
62.3%

You're not logged in!

Compare scores with friends on all Sporcle quizzes.
OR
Log In

Show Comments

Extras

Top Quizzes Today


Score Distribution

Your Account Isn't Verified!

In order to create a playlist on Sporcle, you need to verify the email address you used during registration. Go to your Sporcle Settings to finish the process.

Report this User

Report this user for behavior that violates our Community Guidelines.

Details: